Powiaty w Polsce na literę O - Statystyki

Ogólne statystyki
  • Ten quiz został rozwiązany 73 razy
  • Średni wynik to 15 z 20
Statystyki odpowiedzi
Odpowiedź % Poprawnych
opolski
97%
Opole
92%
ostrowski
85%
opatowski
80%
ostrowiecki
80%
oleśnicki
76%
Olsztyn
76%
oławski
75%
olecki
75%
olsztyński
75%
oleski
73%
olkuski
73%
opoczyński
73%
otwocki
71%
ostródzki
69%
ostrołęcki
69%
Ostrołęka
69%
ostrzeszowski
68%
obornicki
66%
oświęcimski
64%
Nie znaleziono quizów pasujących do podanych kryteriów
Rozkład punktacji
Procent ludzi z każdym wynikiem
Percentyl według liczby udzielonych odpowiedzi
Twoja historia wyników
Nie rozwiązałeś tego quizu